Club de football le plus titré de tous les pays européens - Statistiques

Statistiques générales
  • Ce quiz a été pris 136 fois
  • Le résultat moyen est 13 sur 44
Réponses sur la Carte
Les réponses sont colorées sur une échelle allant du rouge au vert en fonction du pourcentage des utilisateurs qui les ont devinées à leur premier essai. Vous pouvez retrouver ces pourcentages ci-dessous.
 
Statistiques - réponses
Hint Hint Équipe % Correct
142 279 Paris Saint-Germain
95%
97 380 Real Madrid
93%
188 322 Juventus
90%
218 284 Bayern Munich
89%
164 233 Ajax Amsterdam
77%
52 395 SL Benfica
65%
162 254 Anderlecht
59%
183 336.5 Monaco
53%
314 404 Olympiacos Piraeus
53%
368 257 Dinamo Kyiv
47%
238 264 Sparta Prague
47%
230 196.5 Malmö FF
46%
194 296 Grasshopper Club Zürich
41%
253 283 Rapid Wien
38%
331 324 Steaua Bucuresti
36%
255 313 Dinamo Zagreb
35%
90 192 Rangers
34%
314 347 CSKA Sofia
31%
222 195 FC København
30%
324 141 HJK Helsinki
26%
293 237 Legia Warszawa
25%
406 198 Spartak Moscow
25%
200 295 FC Vaduz
19%
278 295 Ferencváros
18%
210 101 Rosenborg BK
15%
37 47 Knattspyrnufélag Reykjavíkur
14%
262.5 285 SK Slovan Bratislava
13%
354 213 BATE Borisov
11%
288 327 Crvena Zvedza
11%
358 299 FC Sheriff Tiraspol
11%
75 226 Shamrock Rovers
10%
249 304 Maribor NK
6%
138 350 FC Santa Coloma
3%
325 207 FK Zalgiris
3%
317 177 Skonto Riga
3%
323 151 FC Flora
2%
295 360 FK Vardar Skopje
2%
173 264 Jeunesse Esch
2%
283 366 KF Partizani Tirana
1%
224 333 SP Tre Fiori
1%
292 349 FC Prishtina
0%
279 347 FK Buducnost Podgorica
0%
240 430 Sliema Wanderers
0%
266.5 340 Zrinjski
0%
Aucun quiz correspondant
Distribution des résultats
% des personnes avec chaque résultat
Percentile par nombre de réponses
Votre historique - résultats
Vous n’avez pas pris ce quiz